Logo CIB grande

ENVIRONMENTAL BEST MANAGEMENT PRACTICES FOR AQUACULTURE (Registro nro. 237365)

Detalles MARC
000 -LEADER
campo de control de longitud fija 00597nam a2200229Ia 4500
005 - FECHA Y HORA DE LA ÚLTIMA TRANSACCIÓN
campo de control 20250425162831.0
008 - DATOS DE LONGITUD FIJA--INFORMACIÓN GENERAL
campo de control de longitud fija 250425s9999 xx 000 0 und d
020 ## - NÚMERO INTERNACIONAL ESTÁNDAR DEL LIBRO
Número Internacional Estándar del Libro 9780813820279
041 ## - CÓDIGO DE IDIOMA
Código de lengua del texto/banda sonora o título independiente eng
044 ## - CÓDIGO DEL PAÍS DE LA ENTIDAD EDITORA/PRODUCTORA
Código MARC del país -us
010 ## - NÚMERO DE CONTROL DE LA BIBLIOTECA DEL CONGRESO
Número de control de LC 110955
100 ## - ENTRADA PRINCIPAL--NOMBRE DE PERSONA
Nombre de persona TUCKER, CRAIG S.
245 #0 - MENCIÓN DEL TÍTULO
Título ENVIRONMENTAL BEST MANAGEMENT PRACTICES FOR AQUACULTURE
250 ## - MENCION DE EDICION
Mención de edición 1A. ED.
264 ## - PRODUCCIÓN, PUBLICACIÓN, DISTRIBUCIÓN, FABRICACIÓN Y COPYRIGHT
Producción, publicación, distribución, fabricación y copyright Estados Unidos, IOWA CITY
Nombre del de productor, editor, distribuidor, fabricante WILEY-BLACKWELL
Fecha de producción, publicación, distribución, fabricación o copyright 2008.
300 ## - DESCRIPCIÓN FÍSICA
Extensión 592
650 ## - PUNTO DE ACCESO ADICIONAL DE MATERIA--TÉRMINO DE MATERIA
Término de materia o nombre geográfico como elemento de entrada ACUICULTURA-ASPECTOS AMBIENTALES
650 ## - PUNTO DE ACCESO ADICIONAL DE MATERIA--TÉRMINO DE MATERIA
Término de materia o nombre geográfico como elemento de entrada GESTION
650 ## - PUNTO DE ACCESO ADICIONAL DE MATERIA--TÉRMINO DE MATERIA
Término de materia o nombre geográfico como elemento de entrada PESCA
700 ## - ENTRADA AGREGADA--NOMBRE PERSONAL
Nombre de persona HARGREAVES, JOHN A.
942 ## - ELEMENTOS DE ENTRADA SECUNDARIOS (KOHA)
Tipo de ítem Koha Libros
Existencias
Estatus retirado Estado de pérdida Estado de daño No para préstamo Biblioteca de origen Biblioteca actual Fecha de adquisición Coste, precio normal de compra Etiqueta RFID Total de préstamos Código de barras Copia número Tipo de ítem Koha Nota pública
        CENTRO DE INFORMACIÓN BIBLIOTECARIA CENTRO DE INFORMACIÓN BIBLIOTECARIA 10/01/2020 250.00 0000000000000000037397   46374 1 Libros Wiley-Blackwell

Copyright 2025 ESPOL. Todos los derechos reservados.